{"text_format":"2","workbook":"xlsx","n_sheets":11,"sheets":["PFP","Plan1","PFP1.1_Topo_Lajes","PFP1.2_Geo_Lajes","PFP1.1_Topo_Faz3Barras","PFP1.2_Geo_Faz3Barras","PFP2.1_FatorKa","PFP2.2_FatorKb","PFP3_FatorKc","CRO1_Ins-Pro","CRO2_Ins-Mes"],"not_rendered":{"charts":0,"images":0,"macros":0,"external_links":0,"defined_names":19,"comments":2,"pivot_tables":0},"unopened":[],"bounds":{"document_bytes":16777216,"sheet_cells":100000,"run_cost":"one","rows_first":2000,"rows_last":500,"rows_between":2000,"halvings":0,"cell_chars":16384,"cell_head_chars":4096},"cells_cut":0,"cells_raw":0,"read":"whole","date_system":"1900"}

{"sheet":"PFP","index":0,"n_rows":40,"n_cols":11,"rows_kept":40,"cut":false,"hidden":false,"merged":[[0,0,1,8],[0,9,0,10],[1,9,1,10],[2,0,2,10],[3,0,3,10],[4,0,4,4],[4,5,4,8],[4,9,4,10],[5,0,5,4],[5,5,5,8],[5,9,5,10],[18,0,18,6],[18,7,18,10],[19,0,19,6],[19,7,19,10],[20,0,20,6],[20,7,20,10],[21,0,21,6],[21,7,21,10],[22,0,22,6],[22,7,22,10],[23,0,23,6],[23,9,23,10],[24,0,24,8],[24,9,24,10],[25,0,25,6],[26,0,26,8],[26,9,26,10],[27,0,27,10],[28,0,28,10],[29,0,29,10],[30,0,30,10],[31,0,31,10],[37,0,37,10],[38,0,38,10],[39,0,39,10],[32,0,32,10],[33,0,33,10],[34,0,34,10],[35,0,35,10],[36,0,36,10]]}
["PROPOSTA FINANCEIRA DO PROJETO",{"$nulls":8},"CODIGO:"]
[{"$nulls":9},"PFP"]
["NOME DA CONSULTORA:"]
[]
["PROJETO:",{"$nulls":4},"CONTRATANTE:",null,null,null,"BASE: Setembro/2022"]
["Pontes em Cristalina/GO",{"$nulls":4},"Codevasf (Sede)"]
["Base","Cod1","Cod2","Categoria / Insumo","Uni","Qde","CUD","PU","FatorK","CT","PT"]
["SICRO","MO","P0","Engenheiro Sênior (Coordenador) (P8061)","mês",{"$f":"'CRO1_Ins-Pro'!D4","v":4},16848.3,{"$f":"ROUND(I8*G8,2)","v":41268.230000000003},{"$f":"PFP2.1_FatorKa!J8","v":2.4493999999999998},{"$f":"ROUND(F8*G8,2)","v":67393.2},{"$f":"ROUND(F8*H8,2)","v":165072.92000000001}]
["SICRO","MO","P1","Engenheiro Sênior – Projetista Ponte (P8067)","mês",{"$f":"'CRO1_Ins-Pro'!D5","v":1.5},14226.86,34847.269999999997,{"$f":"PFP2.1_FatorKa!J9","v":2.4493999999999998},21340.29,52270.91]
["SICRO","MO","P2","Engenheiro Pleno – Hídrico/Hidrológico(P8066)","mês",{"$f":"'CRO1_Ins-Pro'!D6","v":1},10864.39,26611.24,{"$f":"PFP2.1_FatorKa!J10","v":2.4493999999999998},10864.39,26611.24]
["SICRO","MO","P2","Engenheiro Pleno – Projetista Estrada (P8066)","mês",{"$f":"'CRO1_Ins-Pro'!D7","v":0.5},10864.39,26611.24,{"$f":"PFP2.1_FatorKa!J11","v":2.4493999999999998},5432.2,13305.62]
["SICRO","MO","P2","Engenheiro Pleno - Ambiental (P8058)","mês",{"$f":"'CRO1_Ins-Pro'!D8","v":1},10998.07,26941.97,{"$f":"PFP2.1_FatorKa!J12","v":2.4497},10998.07,26941.97]
["SICRO","MO","A1","Administrativo (Secretariado) (P8135)","mês",{"$f":"'CRO1_Ins-Pro'!D9","v":4},2189.27,5369.4,{"$f":"PFP2.1_FatorKa!J13","v":2.4525999999999999},8757.08,21477.599999999999]
["PROP","DP","V1","Diárias","dia",{"$f":"'CRO1_Ins-Pro'!D10","v":21},160,200.93,{"$f":"PFP3_FatorKc!$E$19","v":1.2558},3360,4219.53]
["CODE","LO","V2","Pick-up Cab. Dupla 2.8 4x4 Diesel","dia",{"$f":"'CRO1_Ins-Pro'!D11","v":10},196.18,246.36,{"$f":"PFP3_FatorKc!$E$19","v":1.2558},1961.8,2463.6]
["CODE","EM","M4","Relatório Final","un",{"$f":"'CRO1_Ins-Pro'!D12","v":1},1478.8,1857.08,{"$f":"PFP3_FatorKc!$E$19","v":1.2558},1478.8,1857.08]
["CODE","SG","TP","Total Serviços Topográficos","un",{"$f":"'CRO1_Ins-Pro'!D13","v":1},"-",{"$f":"(PFP1.1_Topo_Lajes!G16)+(PFP1.1_Topo_Faz3Barras!G16)","v":38751.43},"-","-",38751.43]
["CODE","SG","GT","Total Serviços Geotécnicos","un",{"$f":"'CRO1_Ins-Pro'!D14","v":1},"-",{"$f":"(PFP1.2_Geo_Lajes!G38)+(PFP1.2_Geo_Faz3Barras!G38)","v":187279.58000000002},"-","-",187279.58]
["TOTAL DOS CUSTOS DIRETOS",{"$nulls":6},{"$f":"SUM(J8:J18)","v":131585.82999999999}]
["TOTAL DOS ENCARGOS E DISPESAS DIVERSAS",{"$nulls":6},{"$f":"H21-H19","v":182634.64000000004}]
["TOTAL DA PROPOSTA A PREÇO GLOBAL",{"$nulls":6},{"$f":"SUM(K8:K16)","v":314220.47000000003}]
["TOTAL DA PROPOSTA A PREÇO UNITÁRIO",{"$nulls":6},{"$f":"SUM(K17:K18)","v":226031.00999999998}]
["TOTAL DA PROPOSTA",{"$nulls":6},{"$f":"H21+H22","v":540251.48}]
["NOME DO INFORMANTE:",{"$nulls":8},"QUALIFICAÇÃO"]
[]
["ASSINATURA:",{"$nulls":8},"DATA:"]
[]
["OBSERVAÇÃO:"]
["Alocar os Insumos MO, com respectivo FatorK, dentro da categoria de vínculo contratual (com ou sem) de cada tipo de profissional"]
["Uni - unidade de medição do insumo;"]
["Qde - Quantidade do Insumo (não pode ocorrer alteração pela Licitante)"]
["CUD - Custo Unitário Direto do Insumo (sem encargos, taxas e impostos, valor não pode ser maior que o Orçado pela Codevasf)"]
["CT - Custo Total (sem encargos, taxas e impostos) - CT = Qde x CUD"]
["FatorK - Taxa de Ressarcimento de Despesas e Encargos (detalhar composição nas Planilhas \"PFP2.1\", \"PFP2.2\", \"PFP3\")"]
["PU - Preço Unitário do Insumo (incluído encargos, taxas e impostos) - PU = CUD x FatorK"]
["PT - Preço Total do Insumo (incluído encargos, taxas e impostos) - PT = Qde x PU"]
["P - Profissionais nível superior nas áreas de Engenharia, Química, Arquitetura, Agronomia e Veterinária, conforme disposições da Lei 4.950-A/66"]
["S - Profissionais de nível superior nas demais áreas de atuação, incluindo Arqueólogo, Biólogo, Geógrafo e Socioólogo"]
["T - Profissionais de nível médio técnico nas diversas áreas de atuação"]
["A - Profissionais de nível médio de apoio técnico-administrativo"]

{"sheet":"Plan1","index":1,"n_rows":0,"n_cols":0,"rows_kept":0,"cut":false,"hidden":true,"merged":[]}

{"sheet":"PFP1.1_Topo_Lajes","index":2,"n_rows":25,"n_cols":7,"rows_kept":25,"cut":false,"hidden":false,"merged":[[0,0,1,5],[2,0,2,6],[3,0,3,6],[4,0,4,3],[4,4,4,5],[5,0,5,3],[5,4,5,5],[15,0,15,5],[16,0,16,4],[17,0,17,4],[23,0,23,6],[24,0,24,6],[18,0,18,4],[19,0,19,4],[20,0,20,6],[21,0,21,6],[22,0,22,6]]}
["SERVIÇOS TOPOGRÁFICOS",{"$nulls":5},"CODIGO:"]
[{"$nulls":6},"PFP-1.1"]
["NOME DA EMPRESA:"]
[]
["PROJETO:",null,null,null,"CONTRATANTE:",null,{"$f":"PFP!J5","v":"BASE: Setembro/2022"}]
["Ponte das Lajes/GO",null,null,null,{"$f":"PFP!F6","v":"Codevasf (Sede)"}]
["Cod.","Base","Insumos","Uni","Qde","Preço Unitário (PU)","Preço Total (PT)"]
["TP2","CODE","Poligonal classe IIP","km",{"$f":"E9","v":4},1984.3,{"$f":"ROUND(F8*E8,2)","v":7937.2}]
["TP7","CODE","Nivelamento Geométrico classe IN","km",{"$f":"1.5+2.5","v":4},1304.8499999999999,5219.3999999999996]
["TP8","CODE","Seções Transversais (Nivelamento IIN)","km",{"$f":"((E9*1000)/20)*0.04","v":8},788.72,6309.76]
["TP19","CODE","Pontos GPS de dupla frequencia (L1/L2)","un ",4,981.07,3924.28]
["TP27","CODE","Marco de Concreto (12x18x60cm)","un ",{"$f":"E11","v":4},53.89,215.56]
["TP28","CODE","Barrote de Madeira (10x10x50cm","un ",{"$f":"E14*0.5","v":100},28.7,2870]
["TP29","CODE","Piquete de Madeira (2x2x20cm)","un ",{"$f":"(E9*1000)/20","v":200},2.41,482]
["PD6","CODE","Picada Manual","km",{"$f":"E10","v":8},194.88,1559.04]
["TOTAL SERVIÇOS TOPOGRÁFICOS",{"$nulls":5},{"$f":"SUM(G8:G15)","v":28517.24}]
["NOME DO INFORMANTE:",{"$nulls":4},"QUALIFICAÇÃO:"]
[]
["ASSINATURA:",{"$nulls":4},"DATA:"]
[]
["OBSERVAÇÃO:"]
["Uni - unidade de medição do insumo;"]
["Qde - Quantidade do Insumo (não pode ocorrer alteração pela Licitante)"]
["PU - Preço Unitário (composições padrão da Codevasf, já incluso o FatorK)"]
["PT - Preço Total (incluído encargos, taxas e impostos) - PT = Qde x PU"]

{"sheet":"PFP1.2_Geo_Lajes","index":3,"n_rows":47,"n_cols":7,"rows_kept":47,"cut":false,"hidden":false,"merged":[[0,0,1,5],[2,0,2,6],[3,0,3,6],[4,0,4,3],[4,4,4,5],[5,0,5,3],[5,4,5,5],[37,0,37,5],[38,0,38,4],[39,0,39,4],[45,0,45,6],[46,0,46,6],[40,0,40,4],[41,0,41,4],[42,0,42,6],[43,0,43,6],[44,0,44,6]]}
["SERVIÇOS GEOLÓGICOS/GEOTÉCNICOS",{"$nulls":5},"CODIGO:"]
[{"$nulls":6},"PFP-1.2"]
["NOME DA EMPRESA:"]
[]
["PROJETO:",null,null,null,"CONTRATANTE:",null,{"$f":"PFP!J5","v":"BASE: Setembro/2022"}]
[{"$f":"PFP1.1_Topo_Lajes!A6","v":"Ponte das Lajes/GO"},null,null,null,{"$f":"PFP!F6","v":"Codevasf (Sede)"}]
["Cod.","Base","Insumos","Uni","Qde","Preço Unitário (PU)","Preço Total (PT)"]
["GT1.2","CODE","Sondagem Rotativa: (Des)Mobilização","un",1,4110.46,{"$f":"ROUND(F8*E8,2)","v":4110.46}]
["GT1.3.1","CODE","Sondagem Rotativa: Ø N em rochas","m",60,712.73,42763.8]
["GT2.1","CODE","Sondagem Percussão: (Des)Mobilização","un",1,878.94,878.94]
["GT2.2","CODE","Sondagem Percursão: com SPT","m",60,77.08,4624.8]
["GT4","CODE","Sondagem a Trado","m",20,64.94,1298.8]
["GT5","CODE","Poços de Inspeção","m",24,190.68,4576.32]
["GT6.1.1","CODE","Ensaio: Umidade Natural ","un",14,84.49,1182.8599999999999]
["GT6.1.2","CODE","Ensaio: Densidade Natural","un",14,84.49,1182.8599999999999]
["GT6.1.3","CODE","Ensaio: Limite de Liquidez","un",14,117,1638]
["GT6.1.4","CODE","Ensaio: Limite de Plasticidade","un",14,117,1638]
["G6.1.5","CODE","Ensaio: Granulometria por Peneiramento","un",14,123.34,1726.76]
["GT6.1.6","CODE","Ensaio: Granulometria por Sedimentação","un",14,382.79,5359.06]
["GT6.1.7","CODE","Ensaio: Compactação Proctor Normal","un",14,160.41,2245.7399999999998]
["GT6.1.8","CODE","Ensaio: Massa Especifica Real dos Grãos","un",14,104.27,1459.78]
["GT6.1.9","CODE","Ensaio: Adensamento Oedométrico","un",4,283.57,1134.28]
["GT6.1.10","CODE","Ensaio: Triaxial UU ñ consolidado ñ drenado","un",4,822.95,3291.8]
["GT6.1.11","CODE","Ensaio: Triaxial CU consolidado ñ drenado","un",4,1129.48,4517.92]
["GT6.1.12.1","CODE","Ensaio: Expansão colapsividade em anéis de adensamento","un",8,380.8,3046.4]
["GT6.1.12.2","CODE","Ensaio: Expansão amostra indeformada com pressão de expansão","un",8,300.93,2407.44]
["GT6.1.13.1","CODE","Ensaio: Dispersão Granulometria Comparativa","un",8,228.5,1828]
["GT6.1.13.2","CODE","Ensaio: Dispersão Crumb Test","un",8,84.66,677.28]
["GT6.1.14","CODE","Ensaio: Infiltração","un",4,228.5,914]
["GT6.1.15","CODE","Ensaio: Perda de Água 5 estágios","un",4,361.18,1444.72]
["GT6.1.16.1","CODE","Ensaio: Análise Quimica da Areia","un",4,459.82,1839.28]
["GT6.1.16.2","CODE","Ensaio: Mineralogia da Areia","un",4,529.20000000000005,2116.8000000000002]
["GT6.1.17","CODE","Ensaio: Análise Petrográfica/Mineralogia","un",4,529.20000000000005,2116.8000000000002]
["GT6.1.18","CODE","Ensaio: Abrasão “LOS ANGELES”","un",4,414.19,1656.76]
["GT6.1.19","CODE","Ensaio: Reatividade Potencial","un",4,1382.66,5530.64]
["GT6.1.20","CODE","Ensaio: Permeabilidade Vertical de Carga Variável","un",4,649.14,2596.56]
["GT6.1.21","CODE","Ensaio: Retirada de Amostra Indeformada","un",8,691.33,5530.64]
["TOTAL SERVIÇOS GEOTÉCNICOS",{"$nulls":5},{"$f":"SUM(G8:G37)","v":115335.5}]
["NOME DO INFORMANTE:",{"$nulls":4},"QUALIFICAÇÃO:"]
[]
["ASSINATURA:",{"$nulls":4},"DATA:"]
[]
["LEGENDA:"]
["Uni - unidade de medição do insumo;"]
["Qde - Quantidade do Insumo (não pode ocorrer alteração pela Licitante)"]
["PU - Preço Unitário (composições padrão da Codevasf, já incluso o FatorK)"]
["PT - Preço Total (incluído encargos, taxas e impostos) - PT = Qde x PU"]

{"sheet":"PFP1.1_Topo_Faz3Barras","index":4,"n_rows":25,"n_cols":7,"rows_kept":25,"cut":false,"hidden":false,"merged":[[0,0,1,5],[2,0,2,6],[3,0,3,6],[4,0,4,3],[4,4,4,5],[5,0,5,3],[5,4,5,5],[15,0,15,5],[16,0,16,4],[17,0,17,4],[23,0,23,6],[24,0,24,6],[18,0,18,4],[19,0,19,4],[20,0,20,6],[21,0,21,6],[22,0,22,6]]}
["SERVIÇOS TOPOGRÁFICOS/CARTOGRÁFICOS",{"$nulls":5},"CODIGO:"]
[{"$nulls":6},"PFP-1.1"]
["NOME DA EMPRESA:"]
[]
["PROJETO:",null,null,null,"CONTRATANTE:",null,{"$f":"PFP!J5","v":"BASE: Setembro/2022"}]
["Ponte Fazenda Três Barras/GO",null,null,null,{"$f":"PFP!F6","v":"Codevasf (Sede)"}]
["Cod.","Base","Insumos","Uni","Qde","Preço Unitário (PU)","Preço Total (PT)"]
[{"$f":"PFP1.1_Topo_Lajes!A8","v":"TP2"},"CODE","Poligonal classe IIP","km",{"$f":"E9","v":1},1984.3,{"$f":"ROUND(F8*E8,2)","v":1984.3}]
[{"$f":"PFP1.1_Topo_Lajes!A9","v":"TP7"},"CODE","Nivelamento Geométrico classe IN","km",{"$f":"0.5+0.5","v":1},1304.8499999999999,1304.8499999999999]
[{"$f":"PFP1.1_Topo_Lajes!A10","v":"TP8"},"CODE","Seções Transversais (Nivelamento IIN)","km",{"$f":"((E9*1000)/20)*0.04","v":2},788.72,1577.44]
[{"$f":"PFP1.1_Topo_Lajes!A11","v":"TP19"},"CODE","Pontos GPS de dupla frequencia (L1/L2)","un ",4,981.07,3924.28]
[{"$f":"PFP1.1_Topo_Lajes!A12","v":"TP27"},"CODE","Marco de Concreto (12x18x60cm)","un ",{"$f":"E11","v":4},53.89,215.56]
[{"$f":"PFP1.1_Topo_Lajes!A13","v":"TP28"},"CODE","Barrote de Madeira (10x10x50cm","un ",{"$f":"E14*0.5","v":25},28.7,717.5]
[{"$f":"PFP1.1_Topo_Lajes!A14","v":"TP29"},"CODE","Piquete de Madeira (2x2x20cm)","un ",{"$f":"(E9*1000)/20","v":50},2.41,120.5]
[{"$f":"PFP1.1_Topo_Lajes!A15","v":"PD6"},"CODE","Picada Manual","km",{"$f":"E10","v":2},194.88,389.76]
["TOTAL SERVIÇOS TOPOGRÁFICOS",{"$nulls":5},{"$f":"SUM(G8:G15)","v":10234.19}]
["NOME DO INFORMANTE:",{"$nulls":4},"QUALIFICAÇÃO:"]
[]
["ASSINATURA:",{"$nulls":4},"DATA:"]
[]
["OBSERVAÇÃO:"]
["Uni - unidade de medição do insumo;"]
["Qde - Quantidade do Insumo (não pode ocorrer alteração pela Licitante)"]
["PU - Preço Unitário (composições padrão da Codevasf, já incluso o FatorK)"]
["PT - Preço Total (incluído encargos, taxas e impostos) - PT = Qde x PU"]

{"sheet":"PFP1.2_Geo_Faz3Barras","index":5,"n_rows":47,"n_cols":7,"rows_kept":47,"cut":false,"hidden":false,"merged":[[0,0,1,5],[2,0,2,6],[3,0,3,6],[4,0,4,3],[4,4,4,5],[5,0,5,3],[5,4,5,5],[37,0,37,5],[38,0,38,4],[39,0,39,4],[45,0,45,6],[46,0,46,6],[40,0,40,4],[41,0,41,4],[42,0,42,6],[43,0,43,6],[44,0,44,6]]}
["SERVIÇOS GEOLÓGICOS/GEOTÉCNICOS",{"$nulls":5},"CODIGO:"]
[{"$nulls":6},"PFP-1.2"]
["NOME DA EMPRESA:"]
[]
["PROJETO:",null,null,null,"CONTRATANTE:",null,{"$f":"PFP!J5","v":"BASE: Setembro/2022"}]
[{"$f":"PFP1.1_Topo_Faz3Barras!A6","v":"Ponte Fazenda Três Barras/GO"},null,null,null,{"$f":"PFP!F6","v":"Codevasf (Sede)"}]
["Cod.","Base","Insumos","Uni","Qde","Preço Unitário (PU)","Preço Total (PT)"]
["GT1.2","CODE","Sondagem Rotativa: (Des)Mobilização","un",0,4110.46,{"$f":"ROUND(F8*E8,2)","v":0}]
["GT1.3.1","CODE","Sondagem Rotativa: Ø N em rochas","m",60,712.73,42763.8]
["GT2.1","CODE","Sondagem Percussão: (Des)Mobilização","un",0,878.94,0]
["GT2.2","CODE","Sondagem Percursão: com SPT","m",60,77.08,4624.8]
["GT4","CODE","Sondagem a Trado","m",0,64.94,0]
["GT5","CODE","Poços de Inspeção","m",8,190.68,1525.44]
["GT6.1.1","CODE","Ensaio: Umidade Natural ","un",4,84.49,337.96]
["GT6.1.2","CODE","Ensaio: Densidade Natural","un",4,84.49,337.96]
["GT6.1.3","CODE","Ensaio: Limite de Liquidez","un",4,117,468]
["GT6.1.4","CODE","Ensaio: Limite de Plasticidade","un",4,117,468]
["G6.1.5","CODE","Ensaio: Granulometria por Peneiramento","un",4,123.34,493.36]
["GT6.1.6","CODE","Ensaio: Granulometria por Sedimentação","un",4,382.79,1531.16]
["GT6.1.7","CODE","Ensaio: Compactação Proctor Normal","un",4,160.41,641.64]
["GT6.1.8","CODE","Ensaio: Massa Especifica Real dos Grãos","un",4,104.27,417.08]
["GT6.1.9","CODE","Ensaio: Adensamento Oedométrico","un",2,283.57,567.14]
["GT6.1.10","CODE","Ensaio: Triaxial UU ñ consolidado ñ drenado","un",2,822.95,1645.9]
["GT6.1.11","CODE","Ensaio: Triaxial CU consolidado ñ drenado","un",2,1129.48,2258.96]
["GT6.1.12.1","CODE","Ensaio: Expansão colapsividade em anéis de adensamento","un",2,380.8,761.6]
["GT6.1.12.2","CODE","Ensaio: Expansão amostra indeformada com pressão de expansão","un",2,300.93,601.86]
["GT6.1.13.1","CODE","Ensaio: Dispersão Granulometria Comparativa","un",2,228.5,457]
["GT6.1.13.2","CODE","Ensaio: Dispersão Crumb Test","un",2,84.66,169.32]
["GT6.1.14","CODE","Ensaio: Infiltração","un",2,228.5,457]
["GT6.1.15","CODE","Ensaio: Perda de Água 5 estágios","un",2,361.18,722.36]
["GT6.1.16.1","CODE","Ensaio: Análise Quimica da Areia","un",2,459.82,919.64]
["GT6.1.16.2","CODE","Ensaio: Mineralogia da Areia","un",2,529.20000000000005,1058.4000000000001]
["GT6.1.17","CODE","Ensaio: Análise Petrográfica/Mineralogia","un",2,529.20000000000005,1058.4000000000001]
["GT6.1.18","CODE","Ensaio: Abrasão “LOS ANGELES”","un",2,414.19,828.38]
["GT6.1.19","CODE","Ensaio: Reatividade Potencial","un",2,1382.66,2765.32]
["GT6.1.20","CODE","Ensaio: Permeabilidade Vertical de Carga Variável","un",2,649.14,1298.28]
["GT6.1.21","CODE","Ensaio: Retirada de Amostra Indeformada","un",4,691.33,2765.32]
["TOTAL SERVIÇOS GEOTÉCNICOS",{"$nulls":5},{"$f":"SUM(G8:G37)","v":71944.080000000016}]
["NOME DO INFORMANTE:",{"$nulls":4},"QUALIFICAÇÃO:"]
[]
["ASSINATURA:",{"$nulls":4},"DATA:"]
[]
["LEGENDA:"]
["Uni - unidade de medição do insumo;"]
["Qde - Quantidade do Insumo (não pode ocorrer alteração pela Licitante)"]
["PU - Preço Unitário (composições padrão da Codevasf, já incluso o FatorK)"]
["PT - Preço Total (incluído encargos, taxas e impostos) - PT = Qde x PU"]

{"sheet":"PFP2.1_FatorKa","index":6,"n_rows":27,"n_cols":10,"rows_kept":27,"cut":false,"hidden":false,"merged":[[0,0,1,8],[0,9,0,10],[1,9,1,10],[2,0,2,10],[3,0,3,10],[4,0,4,4],[4,5,4,8],[4,9,4,10],[5,0,5,4],[5,5,5,8],[5,9,5,10],[6,9,6,10],[7,9,7,10],[8,9,8,10],[9,9,9,10],[10,9,10,10],[11,9,11,10],[12,9,12,10],[13,0,13,10],[14,0,14,6],[14,9,14,10],[15,0,15,8],[15,9,15,10],[16,0,16,6],[17,0,17,8],[17,9,17,10],[24,0,24,10],[25,0,25,10],[26,0,26,10],[18,0,18,10],[19,0,19,10],[20,0,21,10],[22,0,22,10],[23,0,23,10]]}
["DETALHAMENTO DOS ENCARGOS SOCIAIS: Ka",{"$nulls":8},"CODIGO:"]
[{"$nulls":9},"PFP-2.1"]
["NOME DA CONSULTORA:"]
[]
["PROJETO:",{"$nulls":4},"CONTRATANTE:",null,null,null,"BASE: Setembro/2022"]
[{"$f":"PFP!A6","v":"Pontes em Cristalina/GO"},{"$nulls":4},"Codevasf (Sede)"]
["Base","Cod Sicro","Cod1","Cod2","Categoria / Insumo","K1","K2","K3","K4","Ka"]
["SICRO","P8061","MO","P0","Engenheiro Sênior (Coordenador) (P8061)",0.80049999999999999,{"$f":"PFP3_FatorKc!$E$15","v":0.15},{"$f":"PFP3_FatorKc!$E$10","v":0.1416},{"$f":"PFP3_FatorKc!$E$14","v":0.1},{"$f":"ROUND((1+F8+G8)*(1+H8)*(1+I8),4)","v":2.4493999999999998}]
["SICRO","P8067","MO","P1","Engenheiro Sênior – Projetista Ponte (P8067)",0.80049999999999999,{"$f":"PFP3_FatorKc!$E$15","v":0.15},{"$f":"PFP3_FatorKc!$E$10","v":0.1416},{"$f":"PFP3_FatorKc!$E$14","v":0.1},2.4493999999999998]
["SICRO","P8066","MO","P2","Engenheiro Pleno – Hídrico/Hidrológico(P8066)",0.80049999999999999,{"$f":"PFP3_FatorKc!$E$15","v":0.15},{"$f":"PFP3_FatorKc!$E$10","v":0.1416},{"$f":"PFP3_FatorKc!$E$14","v":0.1},2.4493999999999998]
["SICRO","P8066","MO","P2","Engenheiro Pleno – Projetista Estrada (P8066)",0.80049999999999999,{"$f":"PFP3_FatorKc!$E$15","v":0.15},{"$f":"PFP3_FatorKc!$E$10","v":0.1416},{"$f":"PFP3_FatorKc!$E$14","v":0.1},2.4493999999999998]
["SICRO","P8058","MO","P2","Engenheiro Pleno - Ambiental (P8058)",0.80079999999999996,{"$f":"PFP3_FatorKc!$E$15","v":0.15},{"$f":"PFP3_FatorKc!$E$10","v":0.1416},{"$f":"PFP3_FatorKc!$E$14","v":0.1},2.4497]
["SICRO","P8135","MO","A1","Administrativo (Secretariado) (P8135)",0.80310000000000004,{"$f":"PFP3_FatorKc!$E$15","v":0.15},{"$f":"PFP3_FatorKc!$E$10","v":0.1416},{"$f":"PFP3_FatorKc!$E$14","v":0.1},2.4525999999999999]
[]
["NOME DO INFORMANTE:",{"$nulls":8},"QUALIFICAÇÃO"]
[]
["ASSINATURA:",{"$nulls":8},"DATA:"]
[]
["OBSERVAÇÃO:"]
["Alocar os Insumos MO, com respectivo FatorK, dentro da categoria de vínculo contratual (com ou sem) de cada tipo de profissional"]
["K1 - Encargos Sociais - Valores obtidos do Relatório de Consolidação dos Custos de Mão de obra do SICRO (Tabela 1 - Consolidação dos custos de mão de obra - Tabela de Preços de Consultoria - mês de referência: abril de 2022)"]
[]
["K2 - Custos da Administração Central"]
["K3 - Despesas Fiscais"]
["K4 - Remuneração da empresa (LUCRO)"]
["Ka - Taxa de Ressarcimento de Despesas e Encargos sobre a Mão de Obra COM VINCULO (incide apenas no Insumo Codigo M.O.)"]
["Ka = (1 + K1 + K2) x (1 + K3) x (1 + K4)"]

{"sheet":"PFP2.2_FatorKb","index":7,"n_rows":46,"n_cols":6,"rows_kept":46,"cut":false,"hidden":false,"merged":[[0,0,1,4],[2,0,2,5],[3,0,3,5],[4,2,4,4],[5,0,5,1],[5,2,5,4],[6,0,7,3],[6,4,6,5],[8,1,8,3],[18,1,18,3],[19,1,19,3],[20,1,20,3],[21,1,21,3],[22,1,22,3],[23,1,23,3],[24,1,24,3],[25,1,25,3],[26,1,26,3],[27,1,27,3],[28,1,28,3],[29,1,29,3],[30,1,30,3],[31,1,31,3],[32,1,32,3],[33,1,33,3],[34,1,34,3],[42,0,42,5],[43,0,43,5],[44,0,44,5],[45,0,45,5],[35,1,35,3],[36,1,36,3],[37,4,37,5],[38,4,38,5],[40,0,40,3]]}
["DETALHAMENTO DOS ENCARGOS SOCIAIS: Kb",{"$nulls":4},"CODIGO:"]
[{"$nulls":5},"PFP-3"]
["NOME DA CONSULTORA:"]
[]
["PROJETO:",null,"CONTRATANTE:",null,null,{"$f":"PFP2.1_FatorKa!J5","v":"BASE: Setembro/2022"}]
[{"$f":"PFP!A6","v":"Pontes em Cristalina/GO"},null,{"$f":"PFP!F6","v":"Codevasf (Sede)"}]
["DISCRIMINAÇÃO",null,null,null,"VALORES"]
[{"$nulls":4},"%","R$"]
["A","ENCARGOS SOCIAIS BÁSICOS",null,null,{"$f":"ROUND(SUM(E10:E18),4)","v":0.2},{"$f":"ROUND(E9*PFP!$H$19,2)","v":26317.17}]
["A1","Seconci",null,null,0,{"$f":"ROUND(E10*PFP!$H$19,2)","v":0}]
["A2","INSS",null,null,0.2,{"$f":"ROUND(E11*PFP!$H$19,2)","v":26317.17}]
["A3","FGTS",null,null,0,{"$f":"ROUND(E12*PFP!$H$19,2)","v":0}]
["A4","Incra",null,null,0,{"$f":"ROUND(E13*PFP!$H$19,2)","v":0}]
["A5","Salário Educação ",null,null,0,{"$f":"ROUND(E14*PFP!$H$19,2)","v":0}]
["A6","Sebrae",null,null,0,{"$f":"ROUND(E15*PFP!$H$19,2)","v":0}]
["A7","Seguro contra acidente",null,null,0,{"$f":"ROUND(E16*PFP!$H$19,2)","v":0}]
["A8","Senai",null,null,0,{"$f":"ROUND(E17*PFP!$H$19,2)","v":0}]
["A9","Sesi",null,null,0,{"$f":"ROUND(E18*PFP!$H$19,2)","v":0}]
["B"," ENCARGOS SOCIAIS QUE RECEBEM INCIDÊNCIA DE \"A\"",null,null,{"$f":"ROUND(SUM(E20:E26),4)","v":0},{"$f":"ROUND(E19*PFP!$H$19,2)","v":0}]
["B1","13º Salário  ",null,null,0,{"$f":"ROUND(E20*PFP!$H$19,2)","v":0}]
["B2","Auxilio Enfermidade",null,null,0,{"$f":"ROUND(E21*PFP!$H$19,2)","v":0}]
["B3","Licença Paternidade",null,null,0,{"$f":"ROUND(E22*PFP!$H$19,2)","v":0}]
["B4","Faltas Justificadas",null,null,0,{"$f":"ROUND(E23*PFP!$H$19,2)","v":0}]
["B5","Auxílio Acidente de Trabalho",null,null,0,{"$f":"ROUND(E24*PFP!$H$19,2)","v":0}]
["B6","Férias Gozadas",null,null,0,{"$f":"ROUND(E25*PFP!$H$19,2)","v":0}]
["B7","Salário Maternidade",null,null,0,{"$f":"ROUND(E26*PFP!$H$19,2)","v":0}]
["C"," ENCARGOS SOCIAIS QUE NÃO RECEBEM INCIDÊNCIA DE \"A\"",null,null,{"$f":"ROUND(SUM(E28:E32),4)","v":0},{"$f":"ROUND(E27*PFP!$H$19,2)","v":0}]
["C1","Aviso Prévio Indenizado",null,null,0,{"$f":"ROUND(E28*PFP!$H$19,2)","v":0}]
["C2","Aviso Prévio Trabalhado",null,null,0,{"$f":"ROUND(E29*PFP!$H$19,2)","v":0}]
["C3","Férias Indenizadas",null,null,0,{"$f":"ROUND(E30*PFP!$H$19,2)","v":0}]
["C4","Depósito Rescisão Sem Justa Causa",null,null,0,{"$f":"ROUND(E31*PFP!$H$19,2)","v":0}]
["C5","Indenização Adicional",null,null,0,{"$f":"ROUND(E32*PFP!$H$19,2)","v":0}]
["D"," REINCIDÊNCIAS",null,null,{"$f":"ROUND(SUM(E34:E35),4)","v":0},{"$f":"ROUND(E33*PFP!$H$19,2)","v":0}]
["D1","Reincidência de \"A\" sobre \"B\"",null,null,{"$f":"ROUND(E9*E19,4)","v":0},{"$f":"ROUND(E34*PFP!$H$19,2)","v":0}]
["D2","Reincidência de \"A\" sobre Aviso Prévio Trabalhado e reincidência do FGTS sobre Aviso Prévio Indenizado",null,null,{"$f":"ROUND(E9*E29,4)+ROUND(E28*E12,4)","v":0},{"$f":"ROUND(E35*PFP!$H$19,2)","v":0}]
["K1","ENCARGOS SOCIAIS",null,null,{"$f":"ROUND(E9+E19+E27+E33,4)","v":0.2},{"$f":"ROUND(E36*PFP!$H$19,2)","v":26317.17}]
["Kb","TAXA DE RESSARCIMENTO DE DESPESAS E ENCARGOS SOBRE MO SV",null,null,{"$f":"ROUND((1+E36+PFP3_FatorKc!E15)*(1+PFP3_FatorKc!E14)*(1+PFP3_FatorKc!E10),4)","v":1.6953}]
["NOME DO INFORMANTE:",null,null,null,"QUALIFICAÇÃO"]
[]
["ASSINATURA:",null,null,null,"DATA:"]
[]
["OBSERVAÇÃO:"]
["1 - DISCRIMINAR OS ENCARGOS SOCIAIS COM SEUS RESPECTIVOS PERCENTUAS TOTALIZANDO OS MESMOS. "]
["2 - APLICAR O % TOTAL P/ CALCULAR OS E. SOCIAIS INCIDENTES NA MÃO-DE-OBRA SEM VÍNCULO PERMANENTE"]
["Kb - Taxa de Ressarcimento de Despesas e Encargos sobre a Mão de Obra SEM VINCULO (incide apenas no Insumo Codigo M.O.)"]
["Kb = (1 + K1 + K2) x (1 + K3) x (1 + K4)"]

{"sheet":"PFP3_FatorKc","index":8,"n_rows":1048576,"n_cols":6,"rows_kept":1048576,"cut":false,"hidden":false,"merged":[[0,0,1,4],[2,0,2,5],[3,0,3,5],[4,2,4,4],[5,0,5,1],[5,2,5,4],[6,0,7,2],[6,3,6,5],[8,0,9,0],[8,1,9,2],[10,1,10,2],[11,1,11,2],[12,1,12,2],[13,1,13,3],[14,1,14,3],[15,1,15,3],[16,1,16,3],[17,1,17,3],[18,1,18,3],[23,0,23,5],[24,0,24,5],[25,0,25,5],[26,0,26,5],[27,0,27,5],[28,0,28,5],[29,0,29,5],[35,0,35,5],[36,0,36,5],[1048575,0,1048575,5],[30,0,30,5],[31,0,31,5],[32,0,32,5],[33,0,33,5],[34,0,34,5]]}
["DESPESAS FISCAIS E CUSTOS DIVERSOS: Kc",{"$nulls":4},"CODIGO:"]
[{"$nulls":5},"PFP-3"]
["NOME DA CONSULTORA:"]
[]
["PROJETO:",null,"CONTRATANTE:",null,null,{"$f":"PFP!J5","v":"BASE: Setembro/2022"}]
[{"$f":"PFP!A6","v":"Pontes em Cristalina/GO"},null,{"$f":"PFP!F6","v":"Codevasf (Sede)"}]
["DISCRIMINAÇÃO 1",null,null,"VALORES"]
[null,null,null,"% preço","% custo","R$"]
["K4","DESPESAS FISCAIS",null,"K' (%)2","K (%)3"]
[null,null,null,{"$f":"ROUND(D11+D12+D13,4)","v":0.124},{"$f":"ROUND(E11+E12+E13,4)","v":0.1416}]
[1,"ISS",null,0.05,{"$f":"ROUND((1/(1-$D$10))*D11,4)","v":5.7099999999999998E-2}]
[2,"PIS - aliquota efetiva com percentual-desconto de 20%",null,{"$f":"ROUND(1.65%*0.8,4)","v":1.32E-2},{"$f":"ROUND((1/(1-$D$10))*D12,4)","v":1.5100000000000001E-2}]
[3,"COFINS - aliquota efetiva com percentual-desconto de 20%",null,{"$f":"ROUND(7.6%*0.8,4)","v":6.08E-2},{"$f":"ROUND((1/(1-$D$10))*D13,4)","v":6.9400000000000003E-2}]
["K3","REMUNERAÇÃO DA EMPRESA (LUCRO)",null,null,0.1]
["K2","CUSTOS DA ADMINISTRAÇÃO CENTRAL",null,null,{"$f":"ROUND(SUM(E16:E18),4)","v":0.15}]
[4,"Custos da administração central da empresa (diretoria, pessoal técnico de apoio e pessoal administrativo não diretamente vinculado à prestação dos serviços)",null,null,0.1]
[5,"Outras despesas que afetam o custo de produção como treinamento, biblioteca, programa de qualidade, programa de benefícios, auditoria interna e externa",null,null,0.03]
[6,"Despesas fixas e variaveis com patrimônio, aluguéis, comunicação, manutenção e transporte não diretamente relacionados com o custo direto dos serviços",null,null,0.02]
["Kc","TAXA RESSARCIMENTO DE DESPESAS SOBRE CUSTOS DIVERSOS",null,null,{"$f":"ROUND((1+E14)*(1+E10),4)","v":1.2558}]
["NOME DO INFORMANTE:",null,null,null,"QUALIFICAÇÃO:"]
[]
["ASSINATURA:",null,null,null,"DATA:"]
[]
["Observação:"]
["1 - RELACIONAR OS CUSTOS DE ADMINISTRAÇÃO COM RESPECTIVOS PERCENTUAIS INCIDENTES NA MÃO -DE-OBRA"]
["1 - DISCRIMINAR OS TRIBUTOS QUE INCIDEM SOBRE OS CUSTOS DA PRESTAÇÃO DOS SERVIÇOS"]
["2 - K4 = INDICAR % DE CADA TRIBUTO E A SOMA DOS MESMOS "]
["3 - PIS e COFINS, Regime de Incidencia Acumulativa ou em Regime de Incidencia Não Acumulativa de acordo com a forma de apuração do lucro no IRPJ. APRESENTAR COMPROVANTES de aproveitamento de créditos tributários dos últimos 12 meses em caso de aplicação de \"percentual de desconto\"."]
["4 - AS DESPESAS FISCAIS (K4) INCIDEM SOBRE O TOTAL DA FATURA E NÃO SOBRE OS CUSTOS INCORRIDOS, "]
["     DEVENDO SER CALCULADO O K4' APLICANDO-SE A SEGUINTE FÓRMULA:"]
["     K4' = { [ 1 / ( 1 - K4) ] - 1 } x 100"]
[{"$f":"CONCATENATE(\"     K4' = { [ 1 / ( 1 - \",D10,\" ) ] - 1 } x 100\")","v":"     K4' = { [ 1 / ( 1 - 0,124 ) ] - 1 } x 100"}]
["Kc - Taxa de Ressarcimento de Despesas sobre Custos Diversos (incide sobre os Insumos Codigo DP e ME)"]
["Kc = (1 + K3) x (1 + K4)"]
["K2 - Incide sobre o Custo Total (CT) da Mão de Obra (MO)"]
["K3 - Incide sobre o Custo Total (CT) Mão de Obra com encargos (MO x Ka ou Kb), demais Custos (DP e EQ), e Custos da Administração Central (K2)"]
["K4 -  Incide sobre o Custo Total (CT) Mão de Obra com encargos (MO x Ka ou Kb), demais Custos (DP e EQ), e Custos da Administração Central (K2) e Lucro (K3)"]
{"$rows_empty":1048538}
["ISS- O ISS informado na proposta da licitante deve corresponder ao seu domicílio fiscal. "]

{"sheet":"CRO1_Ins-Pro","index":9,"n_rows":21,"n_cols":10,"rows_kept":21,"cut":false,"hidden":false,"merged":[[17,0,17,8],[18,0,18,8],[19,0,19,8],[36,7,36,8],[0,0,1,5],[0,6,0,9],[1,6,1,9],[14,0,15,0],[14,1,15,1]]}
["INSUMOS POR ETAPA/PRODUTO",{"$nulls":5},"CODIGO:"]
[{"$nulls":6},"CRO-1"]
["Cod.","Categoria / Insumo","Uni","Qde","CUD","PU","FatorK","1. EVTEA","2. Esc. Alt.","3. PB"]
["SICRO","Engenheiro Sênior (Coordenador) (P8061)","mês",{"$f":"SUM(H4:J4)","v":4},{"$f":"PFP!G8","v":16848.3},{"$f":"ROUND(E4*G4,2)","v":41268.230000000003},{"$f":"PFP!I8","v":2.4493999999999998},1,1,2]
["SICRO","Engenheiro Sênior – Projetista Ponte (P8067)","mês",1.5,{"$f":"PFP!G9","v":14226.86},34847.269999999997,{"$f":"PFP!I9","v":2.4493999999999998},0,0,1.5]
["SICRO","Engenheiro Pleno – Hídrico/Hidrológico(P8066)","mês",1,{"$f":"PFP!G10","v":10864.39},26611.24,{"$f":"PFP!I10","v":2.4493999999999998},0,0,1]
["SICRO","Engenheiro Pleno – Projetista Estrada (P8066)","mês",0.5,{"$f":"PFP!G11","v":10864.39},26611.24,{"$f":"PFP!I11","v":2.4493999999999998},0,0,0.5]
["SICRO","Engenheiro Pleno – Ambiental (P8058)","mês",1,{"$f":"PFP!G12","v":10998.07},26941.97,{"$f":"PFP!I12","v":2.4497},1,0,0]
["SICRO","Administrativo (Secretariado) (P8135)","mês",4,{"$f":"PFP!G13","v":2189.27},5369.4,{"$f":"PFP!I13","v":2.4525999999999999},1,1,2]
["CODE","Diárias","dia",21,{"$f":"PFP!G14","v":160},200.93,{"$f":"PFP!I14","v":1.2558},15,0,6]
["PROP","Pick-up Cab. Dupla 2.8 4x4 Diesel","dia",10,{"$f":"PFP!G15","v":196.18},246.36,{"$f":"PFP!I15","v":1.2558},6,4,0]
["CODE","Relatório Final","un",1,{"$f":"PFP!G16","v":1478.8},1857.08,{"$f":"PFP!I16","v":1.2558},0,0,1]
["CODE","Total Serviços Cartográficos","un",1,{"$f":"PFP!G17","v":"-"},{"$f":"PFP!H17","v":38751.43},"-",0,0,1]
["CODE","Total Serviços Geotécnicos","un",1,{"$f":"PFP!G18","v":"-"},{"$f":"PFP!H18","v":187279.58000000002},"-",0,0,1]
["TOTAL","VALOR POR PRODUTO","R$",{"$f":"SUM(H15:J15)","v":540251.47499999998},null,null,null,{"$f":"SUM(F4:F12*$H4:H$12)","v":78071.710000000006},{"$f":"SUM(I4:I12*$F$4:$F$12)","v":47623.070000000007},{"$f":"SUM(J4:J14*$F$4:$F$14)","v":414556.69499999995}]
[null,null,"%",{"$f":"SUM(H16:J16)","v":1},null,null,null,{"$f":"ROUND(H15/$D$15,5)","v":0.14451},{"$f":"ROUND(I15/$D$15,5)","v":8.8150000000000006E-2},{"$f":"ROUND(J15/$D$15,5)","v":0.76734000000000002}]
["OBSERVAÇÃO:"]
["P - Profissionais nível superior nas áreas de Engenharia, Química, Arquitetura, Agronomia e Veterinária, conforme disposições da Lei 4.950-A/66"]
["S - Profissionais de nível superior nas demais áreas de atuação, incluindo Arqueólogo, Biólogo, Geógrafo e Socioólogo"]
["T - Profissionais de nível médio técnico nas diversas áreas de atuação"]
["A - Profissionais de nível médio de apoio técnico-administrativo"]

{"sheet":"CRO2_Ins-Mes","index":10,"n_rows":5,"n_cols":7,"rows_kept":5,"cut":false,"hidden":false,"merged":[[0,3,0,6],[28,3,28,6]]}
["CRONOGRAMA SIMPLIFICADO",null,null,"Mês"]
["Produtos","Uni","Qde",1,2,3,4]
["Estudo de Viabilidade Técnica, Econômica e Ambiental","mês",{"$f":"SUM(D3:G3)","v":1},1,0,0,0]
["Escolha das Alternativas","mês",{"$f":"SUM(D4:G4)","v":1},0,1,0,0]
["Estudos de Campo e Projeto Básico","mês",{"$f":"SUM(D5:G5)","v":2},0,0,1,1]